000 00830nam a22002297a 4500
003 UA-OsUOA
001 74018
007 ta
008 20110324b un ||||| |||| 00| 0 ukr d
090 _a343.3/7(477)
_bК82
942 _cBK
040 _aUA-OsUOA
_bukr
_cUA-OsUOA
_dUA-OsUOA
245 _aКримінальне право України: Особлива Частина.
_bПідручник
_cЗа заг. ред. д-ра юрид. наук, проф., засл. діяча науки і техніки України Є.Л.Стрельцова.
300 _a496 с.
955 _a2
041 _aukr
080 _a343.3/7(477)
020 _a978-966-633-797-2
260 _aХарків
_bОдіссей
_c2009
650 7 _a343 Кримінальне право. Карні порушення
_2UDC
999 _c360309
_d360309